La poética de la ensoñación
Tallennettuna:
| Päätekijä: | |
|---|---|
| Aineistotyyppi: | Kirja |
| Kieli: | espanja |
| Julkaistu: |
Ciudad de México
Fondo de Cultura Económica
1982
|
| Sarja: | Breviarios del Fondo de Cultura Económica, 330
|
| Aiheet: | |
| Tagit: |
Lisää tagi
Ei tageja, Lisää ensimmäinen tagi!
|
MARC
| LEADER | 00000nam a2200000 a 4500 | ||
|---|---|---|---|
| 001 | UCZ2580 | ||
| 003 | CL-VaPUC | ||
| 008 | 951005e19820000MX |||||||||||||||||spa|d | ||
| 082 | 0 | 4 | |a 128.3 |b BAC |2 21 |
| 100 | |a Bachelard, Gaston |e author |9 348800 | ||
| 245 | 1 | 3 | |a La poética de la ensoñación |
| 300 | |a 321 p | ||
| 942 | |c BK | ||
| 945 | |d 19951005 00:00:00 |a cmena | ||
| 260 | |a Ciudad de México |b Fondo de Cultura Económica |c 1982 | ||
| 650 | 0 | |a Imaginación |9 269378 | |
| 650 | 0 | |a Poética |9 266624 | |
| 650 | 0 | |a Formas y géneros literarios |9 324031 | |
| 650 | 0 | |a Ensayos |9 268724 | |
| 650 | 0 | |a Filosofía francesa |9 255698 | |
| 583 | |a last modification |c 19951005 00:00:00 |k Rodrigo Vera | ||
| 490 | 0 | |a Breviarios del Fondo de Cultura Económica, 330 | |
| 999 | |c 239151 |d 239149 | ||
| 952 | |0 0 |1 0 |4 0 |6 128_300000000000000_BAC_1982 |7 0 |8 A |9 250011 |a BIBART |b BIBART |d 2019-11-18 |i 332737K |l 3 |m 3 |o 128.3 BAC 1982 |p 332737K |r 2025-03-13 |s 2023-10-25 |w 2019-11-18 |y BK |k ART | ||